| 000 | 00363nam a2200145Ia 4500 | ||
|---|---|---|---|
| 008 | 220204s9999 xx 000 0 und d | ||
| 082 |
_a541.1 _bFAR |
||
| 100 | _aDaniels, Alberty | ||
| 245 | 0 | _aPhysical chemistry | |
| 250 | _aEd.5 | ||
| 260 |
_aNew Delhi _bWiley Eastern _c1984 |
||
| 650 | _aPhysical chemistry | ||
| 700 | _aFarrington, Robert A | ||
| 942 | _cBK | ||
| 999 |
_c39164 _d39164 |
||